| 000 | 00765cam a2200217 4500 | ||
|---|---|---|---|
| 001 | WB3542-36 | ||
| 008 | 000000n1999 000 0 eng u | ||
| 035 | _a(Sirsi) u101098 | ||
| 245 | _aNo fun in these rate rises | ||
| 260 | _c1999 | ||
| 490 |
_aYorkshire Post _v28 October 1999, 22(2) |
||
| 520 | _aThe success of recently established independent leisure businesses in Leeds City Centre may lead to them being forced out of business in the 2000 rating revaluation, when they could be hit by rates increases of as much as 100%. Graphs. | ||
| 590 | _aWB | ||
| 650 | _aRATING REVALUATION | ||
| 650 | _aLEISURE SECTOR | ||
| 650 | _aLEEDS | ||
| 650 | _aRENTAL VALUES | ||
| 650 | _aRATING REVALUATION 2000 | ||
| 690 | _aRATING AND VALUATION | ||
| 942 | _n0 | ||
| 999 |
_c60310 _d60310 |
||